| 000 | 00549nam a2200193Ia 4500 | ||
|---|---|---|---|
| 003 | IN-BaIIA | ||
| 008 | 211028s9999 xx 000 0 eng d | ||
| 040 | _cIIA Library | ||
| 080 |
_a551.5 _bSHA |
||
| 100 |
_aShaw, Napier _9415 |
||
| 245 | 0 |
_aManual of meteorology _bvol. IV, materiological calculas _cNapier Shaw |
|
| 260 |
_aCambridge _bCambridge University Press _c1931 |
||
| 300 | _axviii, 359p. | ||
| 650 | _aAstronomy and Astrophysics Thesaurus | ||
| 650 | _aClimatology | ||
| 650 | _aEarth Atmosphere | ||
| 650 | _aMeteorology | ||
| 942 | _cBK | ||
| 999 |
_c209 _d209 |
||